书目信息 |
| 题名: |
文艺复兴时期的名画
|
|
| 作者: | 井出洋一郎, 著 ;孙妙璇 译 | |
| 分册: | ||
| 出版信息: | 北京 电子工业出版社 2018 |
|
| 页数: | xx, 231页 | |
| 开本: | 21cm | |
| 丛书名: | ||
| 单 册: | ||
| 中图分类: | J154.609 | |
| 科图分类: | ||
| 主题词: | 美术史--mei shu shi--意大利--文艺复兴 | |
| 电子资源: | ||
| ISBN: | 978-7-121-34756-6 | |
| 000 | 00979nam0 2200277 450 | |
| 001 | 1951738074 | |
| 005 | 20181106173924.3 | |
| 010 | @a978-7-121-34756-6@dCNY 89.90 | |
| 099 | @aCAL 012018141200 | |
| 100 | @a20181106d2018 em y0chiy50 ea | |
| 101 | 1 | @achi@cjpn |
| 102 | @aCN@b110000 | |
| 105 | @aab a 000yy | |
| 200 | 1 | @a文艺复兴时期的名画@Awen yi fu xing shi qi de ming hua@e轻松读懂艺术史@f(日) 井出洋一郎著@g孙妙璇等译 |
| 210 | @a北京@c电子工业出版社@d2018 | |
| 215 | @axx, 231页@c图 (部分彩图), 地图@d21cm | |
| 306 | @a简体中文版由YOICHIRO IDE授权出版 | |
| 320 | @a有书目 (第230-231页) | |
| 330 | @a本书作者带领学生进行了无数次美术之旅,主要是以意大利为主。 | |
| 517 | 1 | @a轻松读懂艺术史@Aqing song du dong yi shu shi |
| 606 | 0 | @a美术史@Amei shu shi@y意大利@z文艺复兴 |
| 690 | @aJ154.609@v5 | |
| 701 | 0 | @a井出洋一郎,@Ajing chu yang yi lang@f1949-@4著 |
| 702 | 0 | @a孙妙璇@Asun miao xuan@4译 |
| 801 | 0 | @aCN@bNEU@c20181106 |
| 905 | @aBZT@dJ154.609@e1 | |
| 文艺复兴时期的名画:轻松读懂艺术史/(日) 井出洋一郎著/孙妙璇等译.-北京:电子工业出版社,2018 |
| xx, 231页:图 (部分彩图), 地图;21cm |
| ISBN 978-7-121-34756-6:CNY 89.90 |
| 本书作者带领学生进行了无数次美术之旅,主要是以意大利为主。 |
| ● |
| 相关链接 |
|
|
|
正题名:文艺复兴时期的名画
索取号:J154.609/1
 
预约/预借
| 序号 | 登录号 | 条形码 | 馆藏地/架位号 | 状态 | 备注 |
| 1 | 868711 | 2000868711 | 第二书库/ [索取号:J154.609/1] | 在馆 | |
| 2 | 868712 | 2000868712 | 第二书库/ [索取号:J154.609/1] | 在馆 | |
| 3 | 868713 | 2000868713 | 第二书库/ [索取号:J154.609/1] | 在馆 |